Normal view
MARC view
- مواقع الويب-تصميم
Entry Topical Term
001 - CONTROL NUMBER
- control field: 28775
003 - CONTROL NUMBER IDENTIFIER
- control field: JO-AjAnu
005 - DATE AND TIME OF LATEST TRANSACTION
- control field: 20230606074855.0
008 - FIXED-LENGTH DATA ELEMENTS
- fixed length control field: 230606|| aca||aabn | a|a d
040 ## - CATALOGING SOURCE
- Original cataloging agency: JO-AjAnu
- Transcribing agency: JO-AjAnu
150 ## - HEADING--TOPICAL TERM
- Topical term or geographic name entry element: مواقع الويب-تصميم
670 ## - SOURCE DATA FOUND
- Source citation: Work cat.: (JO-AjAnu)14769: خطاب ، عامر محمد/الجبالي، رامي محمود, author 28774, تصميم صفحات الانترنت Flash mx 2004